| 000 | 00661nam a2200241Ia 4500 | ||
|---|---|---|---|
| 001 | 33785 | ||
| 005 | 20240114001701.0 | ||
| 007 | ta | ||
| 008 | 070103s1946 g b000 u 465 u | ||
| 040 | _aCotton College,Assam | ||
| 041 | _a465 | ||
| 082 |
_a428.2 _bR 118 C |
||
| 100 | _aRadford, Edwin . | ||
| 245 | 0 |
_aCrowther`s Encyclopaedia of Phrases and Origins / _cEdwin Radford. _hTextual Documents |
|
| 250 | _a6th ed. / | ||
| 260 |
_aLondon : _bJohn Crowther , _c1946. |
||
| 300 |
_a156p. ; _c22cm. |
||
| 653 | _aEncyclopaedia-Phrases and Origins | ||
| 653 | _aG-Languages | ||
| 942 |
_2ddc _cBK |
||
| 999 |
_c33767 _d33767 |
||